Регионална библиотека "Любен Каравелов" - Русе

Антология на българската любовна лирика (Запис номер 121618)

MARC детайли
000 -Лидер
Контролно поле с фиксирана дължина nam a22 a 4500
003 - Код на организацията, давaща контролен номер
Контролно поле BLK
005 - Дата и час на последна редакция
Контролно поле 20221123123511.0
008 - Елементи от данни с фиксирана дължина
fixed length control field 180409b bul|||||r ||||||| ||bul||
010 ## - Наследен системен номер
LC control number KNG00127243000
040 ## - Източник на каталожния запис
Идентификатор на билиотеката - собственик на записа BLK
041 ## - Код за език
Код за езика на текст/звукозапис или на отделно заглавие Български
Код за езика КДБФ Български
080 ## - УДК
Текстов определител УДК Българска литература
УДК код - определител по УДК 821.163.2
УДК определител -1
УДК - код + определител 821.163.2-1
139 ## - Редно поле
Редна дума Антология на българската любовна лирика
Авторски знак Анто - А 75
245 10 - Сведения за заглавието
Заглавие Антология на българската любовна лирика
Редно поле (дума) състав. Божидар Божилов и др.
250 ## - Област на изданието
Сведения за изданието 2. изд.
257 ## - Страна на издаване
Страна на създаване/издаване България
260 ## - Област на издателските данни
Име на издателя, разпространителя и проч. Нар. младеж
Година на издаване 1978
Място на издаване, разпространение и проч. София
300 ## - Физическа характеристика
Страници 447 с.
Илюстрации и др. с ил.
Размери/Мащаб 22 см
380 ## - Жанр
Жанр Худож. лит.
500 ## - Общи забележки
Забележка Други състав. : Д. Овадия, Д. Стефанов, Й. Милев. - 1. изд. 1976. - 40 141 тир. ; 10 141 екз. от тир. подв.
700 1# - Други автори (авторска отговорност)
Лично име Божилов, Божидар
Автороска отговорност (Описва отношението между автора и произведението) състав.
9 (RLIN) 368394
700 1# - Други автори (авторска отговорност)
Лично име Овадия, Давидия
Автороска отговорност (Описва отношението между автора и произведението) *
9 (RLIN) 317176
700 1# - Други автори (авторска отговорност)
Лично име Стефанов, Димитър
Автороска отговорност (Описва отношението между автора и произведението) *
Друга информация Бъчваров, Димитър Стефанов
9 (RLIN) 363780
700 1# - Други автори (авторска отговорност)
Лично име Милев, Йордан
Автороска отговорност (Описва отношението между автора и произведението) *
9 (RLIN) 363560
852 ## - Местоположение
Форматна сигнатура Цб 96066
Фондова буква Хранилище
999 ## - СИСТЕМНИ КОНТРОЛНИ НОМЕРА
Koha biblionumber 121618
Koha biblioitemnumber 121618
942 ## - АРТИКУЛИ
Вид на библиотечния материал Книги
Скрит в OPAC Не
Периодичен библиозапис Да
944 ## - СЪЗДАВАНЕ И РЕДАКЦИЯ на ЗАПИСА
Създаване/Редакция Създаване
Дата на регистрацията/редакция 10.02.2012
Статус, дата на статуса 10.02.2012 - от С1,Р / 10.02.2012
Служител, извършил регистрацията/редакцията Ивелин_Милков
944 ## - СЪЗДАВАНЕ И РЕДАКЦИЯ на ЗАПИСА
Създаване/Редакция Редакция
Дата на регистрацията/редакция 15.03.2018
Статус, дата на статуса 10.02.2012 - от С1,Р / 10.02.2012
Служител, извършил регистрацията/редакцията Симона_Петрова
Наличности
Код за отписване Код за изгубен артикул Източник на класификационната схема Код за повреда Коз за рестрикции Код за отдаване Артикулен № Име на библиотеката - собственик Име на библиотеката, в която се намира в момента Статус (Текущо местоположение) Дата на вписване в системата Местоположение - отдел Цена в лева Инвентарен номер Систематично азбучна сигнатура Баркод Номер на екземпляра Цена в евро Служебна бележка Служебен тип на артикула
  Не е изгубен Universal Decimal Classification Не е повреден само за читалня ползва се в читалня 196578 Регионална библиотека "Любен Каравелов" Русе Регионална библиотека "Любен Каравелов" Русе Хранилище 1978-01-01 Хранилище 3.15 273888 Цб 96066 120000273888 1 1.61 N: стар фонд Дата: 01.01.1978 Книги
Изтеглен Не е изгубен Universal Decimal Classification Не е повреден без рестрикции заемане за дома 196579 Регионална библиотека "Любен Каравелов" Русе Регионална библиотека "Любен Каравелов" Русе Заемна - подръчен фонд 1978-01-01 Заемна - подръчен фонд 3.15 274366 П 886.7-1/А 75 274366 2 1.61 N: стар фонд Дата: 01.01.1978 Книги
Изтеглен Не е изгубен Universal Decimal Classification Не е повреден без рестрикции заемане за дома 196580 Регионална библиотека "Любен Каравелов" Русе Регионална библиотека "Любен Каравелов" Русе Заемна - подръчен фонд 1978-01-01 Заемна - подръчен фонд 3.15 274367 П 886.7-1/А 75 274367 3 1.61 N: стар фонд Дата: 01.01.1978 Книги
Изтеглен Не е изгубен Universal Decimal Classification Не е повреден без рестрикции заемане за дома 196581 Регионална библиотека "Любен Каравелов" Русе Регионална библиотека "Любен Каравелов" Русе Заемна - подръчен фонд 1978-01-01 Заемна - подръчен фонд 3.15 274368 П 886.7-1/А 75 274368 4 1.61 N: стар фонд Дата: 01.01.1978 Книги
Изтеглен Не е изгубен Universal Decimal Classification Не е повреден без рестрикции заемане за дома 196582 Регионална библиотека "Любен Каравелов" Русе Регионална библиотека "Любен Каравелов" Русе Заемна - подръчен фонд 1978-01-01 Заемна - подръчен фонд 3.15 274369 П 886.7-1/А 75 274369 5 1.61 N: стар фонд Дата: 01.01.1978 Книги
Изтеглен Не е изгубен Universal Decimal Classification Не е повреден без рестрикции заемане за дома 196583 Регионална библиотека "Любен Каравелов" Русе Регионална библиотека "Любен Каравелов" Русе Заемна - подръчен фонд 1978-01-01 Заемна - подръчен фонд 3.15 274373 П 886.7-1/А 75 274373 6 1.61 N: стар фонд Дата: 01.01.1978 Дата инв: 15.02.2018 Бележки инв: П2018 Книги
Изтеглен Не е изгубен Universal Decimal Classification Не е повреден без рестрикции заемане за дома 196584 Регионална библиотека "Любен Каравелов" Русе Регионална библиотека "Любен Каравелов" Русе Заемна - подръчен фонд 1978-01-01 Заемна - подръчен фонд 3.15 274375 П 886.7-1/А 75 274375 7 1.61 N: стар фонд Дата: 01.01.1978 Книги
Vip Innovations Ltd, Rousse, Bulgaria 2025